Bon Jovi - You Give Love A Bad Name Lyrics Quiz - Statistics

General Stats
  • This quiz has been taken 42 times
  • The average score is 10 of 18
Answer Stats
Lyrics % Correct
Hey, you give love {a} {bad} {name}
93%
You give love {a} {bad} {name}
93%
You give love {a} {bad} {name}, bad name
93%
Shot through the heart {and} {you're} {to} {blame}
85%
Oh, there's nowhere {to} {run}
76%
{Shot} {through} {the} {heart} and you're to blame
76%
Blood red nails {on} {your} {fingertips}
71%
When passion's {a} {prison}, you can't break free
66%
{Darlin'}, {you} {give} {love} a bad name
63%
No one can {save} {me}, {the} {damage} is done
56%
A {school} {boy's} {dream}, you act too shy
49%
An angel's smile is {what} {you} {sell}
44%
I {play} {my} {part} and you play your game
41%
Paint {your} {smile} on your lips
41%
{You} {promise} {me} {Heaven}, then put me through hell
41%
{Chains} {of} {love} gotta hold on me
34%
Oh, you're {loaded} {a} {gun}, yeah
17%
Your very first kiss was {your} {very} {first} {goodbye}
2%
No matching quizzes found
Score Distribution
Percent of People with Each Score
Percentile by Number Answered
Your Score History
You have not taken this quiz